| 000 | 01922nam a2200385 4500 | ||
|---|---|---|---|
| 003 | EC-UNACH | ||
| 005 | 20250512161320.0 | ||
| 006 | s||||gr|||| 00| 00 | ||
| 008 | 150116t9999 mx r gr 000 0 spa d | ||
| 020 | _a10121498 | ||
| 040 |
_aEC-UNACH _cEC-UNACH |
||
| 041 | _aspa | ||
| 082 | 0 | 4 |
_223 _a300 _bL017722 |
| 110 | _aCentro Andino de Acción Popular (CAAP) | ||
| 245 | _aEcuador Debate N°65. Dimensiones de la Cuestión Regional | ||
| 250 | _aPrimera edición | ||
| 264 |
_aQuito - Ecuador _bCAAP _c2005 |
||
| 300 |
_a234 _bTablas, Cuadros _c14,5 X 21 cm |
||
| 505 | _aCoyuntura.- El abril que se llevó al Coronel que no murió en el intento. Desde la integración blanda y el comercio rígido al regionalismo autónomo. Conflictividad socio-política, marzo - junio 2005. -- Tema Central.- Acerca del localismo ecuatoriano. Los actores de la construcción territorial, desarrollo y sustentabilidad. Autonomias regionales y unidad nacional. Una propuesta para evaluar la regionalización. Descentralización y regionalización en el Perú. Integración Europea e identidades regionales. -- Debate Agrario-Rural.- Efectos de la producción agropecuaria en los suelos de los páramos: el caso de Guangaje. -- Análisis.- Descentralización en América Latina, Venezuela y Bolivia. Aproximación sociológica a los estudios de la familia: escuelas, conceptos y tendencias. | ||
| 650 | _aREGIONALISMO AUTÓNOMO | ||
| 650 | _aVENEZUELA Y BOLIVIA | ||
| 650 | _aMACROREGIONES | ||
| 650 | _aIDENTIDADES REGIONALES | ||
| 650 | _aLOCALISMO ECUATORIANO | ||
| 700 | _aOspina, Pablo | ||
| 700 | _aIbarra, Hernán | ||
| 700 | _aAlomía, Mercedes | ||
| 700 | _aLalander, Rickard | ||
| 700 | _aCruzata Santos, Rubén | ||
| 942 |
_2ddc _c1 |
||
| 999 | _c13498 | ||